000
00312nam a2200121Ia 4500
005
20251222144806.0
008
251222s9999||||xx |||||||||||||| ||spa||
020
_a
2-7118-2085-8
082
_a
708.44/M61
245
0
_a
Portratis d'artistas
264
_b
Ministerio de la Cultura de la Comunicación
942
_c
LIB
999
_c
19939
_d
19939